00233nam a22001097a 4500003000400000020001800004082001800022100002400040245001900064260003300083300000700116SGT a9786207469512 a617.601bR24S aSrivastava, Rangoli aRadiant Smiles bLambert Academic Pub. c2024 a46